Państwa świata z pustą mapą - wersja trudna - Statystyki

Ogólne statystyki
  • Ten quiz został rozwiązany 8 425 razy
  • Średni wynik to 146 z 196
Odpowiedzi na mapie
Odpowiedzi zakodowano w zielono-czerwonej skali na mapie do tego quizu, zgodnie z poniższymi procentami.
 
Statystyki odpowiedzi
Państwo % Poprawnych
Polska
95%
Rosja
93%
Stany Zjednoczone
92%
Kanada
91%
Niemcy
90%
Chiny
89%
Francja
89%
Meksyk
89%
Ukraina
89%
Białoruś
88%
Brazylia
88%
Czechy
88%
Hiszpania
88%
Słowacja
88%
Włochy
88%
Argentyna
87%
Austria
87%
Finlandia
87%
Norwegia
87%
Szwecja
87%
Australia
86%
Egipt
86%
Kazachstan
86%
Litwa
86%
Łotwa
86%
Portugalia
86%
Szwajcaria
86%
Turcja
86%
Chorwacja
85%
Estonia
85%
Grecja
85%
Indie
85%
Japonia
85%
Mongolia
85%
Rumunia
85%
Słowenia
85%
Węgry
85%
Chile
84%
Dania
84%
Irak
84%
Iran
84%
Republika Południowej Afryki
84%
Wielka Brytania
84%
Serbia
83%
Arabia Saudyjska
82%
Belgia
82%
Bośnia i Hercegowina
82%
Bułgaria
82%
Holandia
82%
Kolumbia
82%
Kosowo
82%
Luksemburg
82%
Maroko
82%
Niger
82%
Peru
82%
Boliwia
81%
Indonezja
81%
Korea Północna
81%
Korea Południowa
81%
Macedonia Północna
81%
Mołdawia
81%
Nigeria
81%
Urugwaj
81%
Wenezuela
81%
Albania
80%
Algieria
80%
Andora
80%
Czarnogóra
80%
Demokratyczna Republika Konga
80%
Izrael
80%
Nowa Zelandia
80%
Pakistan
80%
Watykan
80%
Irlandia
79%
Libia
79%
Liechtenstein
79%
Oman
79%
Paragwaj
79%
Sudan
79%
Afganistan
78%
Gruzja
78%
Islandia
78%
Kongo
78%
Kuba
78%
Panama
78%
San Marino
78%
Tajlandia
78%
Uzbekistan
78%
Czad
77%
Dominika
77%
Ekwador
77%
Jemen
77%
Nepal
77%
Tadżykistan
77%
Turkmenistan
77%
Wietnam
77%
Armenia
76%
Azerbejdżan
76%
Etiopia
76%
Kenia
76%
Kirgistan
76%
Malta
76%
Monako
76%
Cypr
75%
Tunezja
75%
Dominikana
74%
Laos
74%
Sudan Południowy
74%
Syria
74%
Angola
73%
Gujana
73%
Gwinea
73%
Madagaskar
73%
Malezja
73%
Mali
73%
Zjednoczone Emiraty Arabskie
73%
Honduras
72%
Jordania
72%
Katar
72%
Liban
72%
Senegal
72%
Somalia
72%
Bangladesz
71%
Bhutan
71%
Haiti
71%
Kambodża
71%
Kostaryka
71%
Papua-Nowa Gwinea
71%
Wybrzeże Kości Słoniowej
71%
Zambia
71%
Jamajka
70%
Mjanma
70%
Surinam
70%
Tanzania
70%
Zimbabwe
70%
Filipiny
69%
Ghana
69%
Gwatemala
69%
Lesotho
69%
Mauretania
69%
Nikaragua
69%
Republika Środkowoafrykańska
69%
Sri Lanka
69%
Uganda
69%
Botswana
68%
Kamerun
68%
Mozambik
68%
Togo
68%
Erytrea
67%
Gwinea Równikowa
67%
Namibia
67%
Salwador
67%
Tajwan
67%
Kuwejt
66%
Rwanda
66%
Belize
65%
Liberia
65%
Singapur
65%
Bahrajn
64%
Burkina Faso
64%
Eswatini
64%
Fidżi
64%
Gabon
64%
Gambia
64%
Gwinea Bissau
64%
Malediwy
64%
Seszele
64%
Republika Zielonego Przylądka
63%
Bahamy
62%
Benin
62%
Dżibuti
62%
Mikronezja
62%
Wyspy Marshalla
62%
Wyspy Świętego Tomasza i Książeca
62%
Kiribati
60%
Malawi
60%
Saint Lucia
60%
Sierra Leone
60%
Wyspy Salomona
60%
Burundi
59%
Mauritius
59%
Timor Wschodni
59%
Trynidad i Tobago
59%
Barbados
58%
Brunei
58%
Palau
58%
Vanuatu
58%
Komory
57%
Saint Kitts i Nevis
57%
Saint Vincent i Grenadyny
57%
Tonga
57%
Tuvalu
57%
Nauru
56%
Samoa
56%
Antigua i Barbuda
55%
Grenada
53%
Nie znaleziono quizów pasujących do podanych kryteriów
Rozkład punktacji
Procent ludzi z każdym wynikiem
Percentyl według liczby udzielonych odpowiedzi
Twoja historia wyników
Nie rozwiązałeś tego quizu